Statystyki dla Wszyscy członkowie SBM label/SB Maffiji w historii

Kliknij tutaj aby rozwiązać quiz!

Ogólne statystyki

  • Ten quiz został rozwiązany 15 razy
  • Średni wynik to 20 z 55

Statystyki odpowiedzi

Odpowiedź% Poprawnych
Bedoes
100%
White 2115
100%
Beteo
92%
Białas
92%
Mata/SKUTE BOBO
92%
Solar
92%
Fukaj
83%
Jan-rapowanie
83%
Adi nowak
75%
Janusz Walczuk/Yah00
75%
Kinny Zimmer
75%
Lanek
75%
Nypel
67%
Quebonafide
58%
Tomb
50%
Deemz
42%
Deemz
42%
Dj Johny
42%
Jacuś
42%
Kubi producent
42%
Moli
42%
Po prostu kajtek
42%
Bonson
33%
Bryan
33%
Deys/Grimmy
33%
Kacperczyk
33%
Koldi
33%
Szaran
33%
ADM
25%
Michał anioł
25%
Żabson
25%
Zui
25%
Avi & Louis Villain
17%
Danny
17%
Nocny
17%
Pedro/Pilki
17%
Wiatr
17%
Adam33
8%
Blejk
8%
Charlie Moncler
8%
Francis
8%
Hary
8%
Neile
8%
Szczepan
8%
Wac toja
8%
Wyguś
8%
Flory
0%
Foux
0%
Got brass
0%
Juicy
0%
MMX
0%
Pejot
0%
Tadeo
0%
Trzy-sześć
0%
Wiciu
0%

Rozkład punktacji

Percentyl według liczby udzielonych odpowiedzi

Procent ludzi z każdym wynikiem

Twoja historia wyników

Nie rozwiązałeś tego quizu